Central Library, Doon University
WEBOPAC (ONLINE PUBLIC ACCESS CATALOGUE)

Environmental and Pollution (Record no. 60068)

MARC details
000 -LEADER
fixed length control field 00529nam a22002057a 4500
005 - DATE & TIME
control field 20260122163317.0
008 - FIXED-LENGTH DATA ELEMENTS--GENERAL INFORMATION
fixed length control field 260122b |||||||| |||| 00| 0 eng d
020 ## - ISBN
International Standard Book Number 9788123923499
Price 350.00
040 ## - CATALOGING SOURCE
Original cataloging agency Doon University
041 ## - Language
Language English
082 ## - DDC NUMBER
Classification number 363.73
Book Number AMB
100 ## - MAIN ENTRY--PERSONAL NAME
Personal name Ambasht, R.S.
245 ## - TITLE STATEMENT
Title Environmental and Pollution
Sub Title : an ecological approach
250 ## - EDITION STATEMENT
Edition statement 5th
260 ## - PUBLICATION, DISTRIBUTION, ETC. (IMPRINT)
Place of publication, distribution, etc New Delhi
Name of publisher, distributor, etc CBS
Date of publication, distribution, etc 2023
300 ## - PHYSICAL DESCRIPTION
Pages 332
650 ## - Subject
Subject Environment Science
700 ## - Added Entry Personal Name
Added Entry Personal Name Ambasht, R.K.
942 ## - ADDED ENTRY ELEMENTS (KOHA)
Koha item type Books
100 ## - MAIN ENTRY--PERSONAL NAME
-- 26021
650 ## - Subject
-- 310
700 ## - Added Entry Personal Name
-- 26022
952 ## - LOCATION AND ITEM INFORMATION (KOHA)
-- 2026-01-22
952 ## - LOCATION AND ITEM INFORMATION (KOHA)
-- 2026-01-22
952 ## - LOCATION AND ITEM INFORMATION (KOHA)
-- 2026-01-22
Holdings
Withdrawn status Lost status Source of classification or shelving scheme Damaged status Not for loan Location (home branch) Sublocation or collection (holding branch) Date acquired Koha issues (times borrowed) Koha full call number Accession No. Koha date last seen Koha item type
          Doon University Doon University 22.01.2026   363.73 AMB 51765 22.01.2026 Books
          Doon University Doon University 22.01.2026   363.73 AMB 51766 22.01.2026 Books
          Doon University Doon University 22.01.2026   363.73 AMB 51767 22.01.2026 Books
Contact : +91-135-2533126 (Library),+91-135-2533105 (Admin Office) , Email : doonlibrary@gmail.com

Powered by Koha